Impacto de los cambios tecnológicos en el mundo del trabajo /

Zapisane w:
Opis bibliograficzny
1. autor: García, Alvaro
Kolejni autorzy: Cavada, Juan, Contreras, Carlos, Sidicaro, Ricardo
Format: Nieznany
Wydane: Santiago: Comisión Sudamericana de Paz
Etykiety: Dodaj etykietę
Nie ma etykietki, Dołącz pierwszą etykiete!

MARC

LEADER 00000 a2200000 04500
001 615
003 cru CIDCACS/IIS
005 20200521154047.0
008 991231s d
999 |c 4824  |d 4824 
020 |a [sin ISBN]  
022 |a [sin ISBN]  
040 |c cru CIDCACS/IIS 
090 |a 10308.03  
100 |a García, Alvaro  
245 |a Impacto de los cambios tecnológicos en el mundo del trabajo /  |c Alvaro García 
260 |a Santiago:   |b Comisión Sudamericana de Paz  
300 |a páginas 41-62 
700 |a Cavada, Juan  
700 |a Contreras, Carlos  
700 |a Sidicaro, Ricardo;  
942 |2 ddc  |c LI